Химическая термодинамика. (Избранные главы для пирометаллургов): учебное пособие

গ্রন্থ-পঞ্জীর বিবরন
প্রধান লেখক: Крестовников А. Н.
অন্যান্য লেখক: Вигдорович В. Н.
সংক্ষিপ্ত:Исключено из фонда НТБ ТПУ
ভাষা:রুশ
প্রকাশিত: Москва, Металлургиздат, 1962
বিন্যাস: গ্রন্থ
KOHA link:https://koha.lib.tpu.ru/cgi-bin/koha/opac-detail.pl?biblionumber=69750

MARC

LEADER 00000nam0a2200000 4500
001 69750
005 20231031080109.0
035 |a (RuTPU)RU\TPU\book\74257 
090 |a 69750 
100 |a 20041101d1962 m y0rusy50 ca 
101 0 |a rus 
102 |a RU 
105 |a a j 001zy 
200 1 |a Химическая термодинамика. (Избранные главы для пирометаллургов)  |e учебное пособие  |f А. Н. Крестовников, В. Н. Вигдорович 
210 |a Москва  |c Металлургиздат  |d 1962 
215 |a 280 с.  |c ил. 
320 |a Библиогр.: с. 276-280. 
333 |a Исключено из фонда НТБ ТПУ 
700 1 |a Крестовников  |b А. Н. 
701 1 |a Вигдорович  |b В. Н. 
801 1 |a RU  |b 63413507  |c 20041101  |g PSBO 
801 2 |a RU  |b 63413507  |c 20230405  |g PSBO 
942 |c BK